000 00463nam a2200181Ia 4500
008 100917s9999 xx 000 0 und d
082 _b34982
100 _aभावे अपर्णा
245 _aफसगत
260 _bतरवडे प्रकाशन
_c1978
300 _a68
365 _b5.5
520 _aकादंबरी
630 _aफसगत
650 _aकादंबरी
730 _aफसगत
942 _cBOOK
999 _c640376
_d640373